Giocatori stranieri nell'Hall of Fame del calcio italiano - Statistics

Statistiche generali
  • Questo quiz è stato fatto 325 volte
    134 dall'ultimo reset
  • Il punteggio medio è 8 su 12
Statistiche sulle risposte
Anno Nazione Squadre Calciatore % Corretto
2015 Brasile Cruzeiro / PSV / Barcellona / Inter / Real Madrid / Milan / Corinthias Ronaldo
87%
2012 Paesi Bassi Ajax / Milan Marco van Basten
86%
2014 Argentina Argentinos Juniors / Boca Juniors / Barcellona / Napoli / Siviglia / Newell's Old Boys / Boca Juniors Diego Armando Maradona
81%
2018 Argentina Inter Javier Zanetti
81%
2022 Francia Cannes / Bordeaux / Juventus / Real Madrid Zinédine Zidane
78%
2013 Argentina Newell's Old Boys / River Plate / Boca Juniors / Fiorentina / Roma / Inter / Al-Arabi Gabriel Batistuta
76%
2011 Francia Nancy / Saint-Étienne / Juventus Michel Platini
74%
2017 Paesi Bassi Haarlem / Feyenoord / PSV / Milan / Sampdoria / Milan / Chelsea Ruud Gullit
74%
2023 Ucraina Dinamo Kiev / Milan / Chelsea Andrij Shevchenko
66%
2016 Brasile Internacional / Roma / San Paolo Paulo Roberto Falcão
40%
2019 Polonia Zawisza Bydgoszcz / Widzew Łódź / Juventus / Roma Zbigniew Boniek
38%
2021 Germania Bayern Monaco / Inter / Servette Karl-Heinz Rummenigge
29%
Nessun quiz corrispondente trovato
Distribuzione punteggi
Percentuale di utenti per punteggio
Percentile per numero di risposta
I tuoi punteggi nel tempo
Non hai fatto questo quiz dall'ultimo reset